000 00572nam a2200229 a 4500
999 _c6797
_d6797
001 6797
003 BD-JhCC
005 20180130110703.0
008 180130s1954 e |||| || | 000 0 eng d
035 _a(BD-JhCC)6797
040 _aBD-JhCC
_dBD-JhCC
041 _aeng
082 _a808.3
_bSOM 1954
100 _aSomerset, W
245 _aThe Novels and Their Authors /
_c W. Somerset,
260 _aLondon :
_bWilliam Heinemann Ltd,
_c1954
300 _a206 p. :
_c24 cm.
650 _aEnglish Fiction
650 _aNovelists
942 _2ddc
_cBK